| 000 | 00696nam a2200217 i 4500 | ||
|---|---|---|---|
| 001 | 77386 | ||
| 003 | ES-MaACL | ||
| 005 | 20230906173202.0 | ||
| 007 | t| | ||
| 008 | 041008s1947 sp ||||1| spa d | ||
| 100 | 1 |
_aHamilton, Patrick. _961663 |
|
| 245 | 1 | 0 |
_aLuz de gas _b: un guiñol victoriano / _cpor Patrick Hamilton ; [traducción del inglés por Luis Ignacio Bertrán]. |
| 250 | _a[1ª ed.]. | ||
| 260 |
_aBarcelona : _bJosé Janés, _c[1947] ( _fBachs) |
||
| 300 |
_a155 p. ; _c17 cm. |
||
| 490 | 1 | _aManantial que no cesa | |
| 700 | 1 |
_aBertrán, Luis Ignacio. _928496 |
|
| 830 | 0 |
_aManantial que no cesa _9181138 |
|
| 852 |
_aES-MaACL _jB-12970 _bR.27359 |
||
| 999 |
_c77386 _d77386 |
||